000 00561cam a2200193 4500500
005 20260405002918.0
041 _afre
042 _adc
100 1 0 _aLegros, Martin
_eauthor
245 0 0 _aQui sont les plus grands baratineurs ?
260 _c2019.
500 _a6
690 _aBaratin
690 _aBullshit
690 _aÉvaluation
690 _aPisa
786 0 _nPhilosophie magazine | 130 | 6 | 2019-06-01 | p. 7-7 | 1951-1787
856 4 1 _uhttps://shs.cairn.info/magazine-philosophie-magazine-2019-6-page-7?lang=fr&redirect-ssocas=7080
999 _c2062418
_d2062418